000 00454nam a2200133 a 4500
008 120416s1970 xx |||||||||||||| || u
050 _aDT 352 Fro
100 _aCohen, Ronald
245 1 0 _aFrom tribe to nation in Africa
246 _astudies incorporation processes
260 _c1970
350 _a0.00
995 _D0.00
_FCBU-MAIN LIBRARY (Kitwe)
_H1
_I7.95
_M1
_UDAMAGED
_ZMain Library Open Access Collection
999 _c44063
_d44063